| 000 | 01082nam a2200313Ia 4500 | ||
|---|---|---|---|
| 003 | OSt | ||
| 005 | 20221006160346.0 | ||
| 006 | a|||||r|||| 00| 0 | ||
| 007 | ta | ||
| 008 | 221006b |||||||| |||| 00| 0 eng d | ||
| 020 |
_a9780226012889 _c _30.00 |
||
| 024 | _a45,043 | ||
| 037 |
_bInvoice no: 101/2013-14, 28/02/2014, Pioneer Book Distributor _cTextual |
||
| 040 |
_aEASL _cEASL _beng |
||
| 041 |
_2eng _aeng |
||
| 082 | _aU28940aY, Q2 | ||
| 100 |
_aAldrich Daniel P. _9666895 |
||
| 245 | 0 |
_aBuilding resilience _b Social capital in post-disaster recovery |
|
| 260 |
_aChicago _bThe University of Chicago Press _c2012 |
||
| 300 |
_a244p. _ccm. |
||
| 490 | _v Gen | ||
| 500 | _aR&D Budget: RM Sensei | ||
| 650 |
_a Disaster relief - citizen participation _9673020 |
||
| 650 |
_a Disaster victims - Social networks _9673021 |
||
| 650 | _a Gen | ||
| 650 |
_aDisaster victims - Social aspects _9673022 |
||
| 942 |
_hU28940aY, Q2 _cTEXL _2CC |
||
| 999 |
_c1113135 _d1113135 |
||